Cyclisme : coureurs des années 1970 (par image) - Statistiques

Statistiques générales
  • Ce quiz a été pris 34 fois
  • Le résultat moyen est 11 sur 24
Statistiques - réponses
Par images Réponse % Correct
Eddy Merckx
97%
Bernard Thévenet
93%
Bernard Hinault
90%
Luis Ocaña
87%
Raymond Poulidor
87%
Lucien Van Impe
73%
Francesco Moser
67%
Roger De Vlaeminck
67%
Felice Gimondi
63%
Joop Zoetemelk
63%
Freddy Maertens
50%
Joaquim Agostinho
43%
Michel Pollentier
40%
Walter Godefroot
37%
Herman Vanspringel
27%
Dietrich Thurau
23%
Hennie Kuiper
20%
Jan Raas
20%
Gerrie Knetemann
10%
Frans Verbeeck
7%
Wladimiro Panizza
7%
Gianbattista Baronchelli
3%
Franco Bitossi
0%
Gösta Pettersson
0%
Aucun quiz correspondant
Distribution des résultats
% des personnes avec chaque résultat
Percentile par nombre de réponses
Votre historique - résultats
Vous n’avez pas pris ce quiz